[Event "Winter Chess"]
[Site "?"]
[Date "2013.12.29"]
[Round "3.1"]
[White "Bremner, Adam"]
[Black "MacQueen, Calum"]
[Result "1/2-1/2"]
[LiveChessVersion "1.4.2"]
[BlackElo "2240"]
[WhiteElo "2189"]

1. d4 {[%clk 1:23:50]} Nf6 {[%clk 1:30:44]} 2. c4 {[%clk 1:24:12]} g6
{[%clk 1:31:05]} 3. f3 {[%clk 1:24:37]} Bg7 {[%clk 1:30:59]} 4. e4
{[%clk 1:25:00]} d6 {[%clk 1:31:26]} 5. Be3 {[%clk 1:25:22]} O-O {[%clk 1:31:43]}
6. Ne2 {[%clk 1:25:49]} a6 {[%clk 1:29:48]} 7. a4 {[%clk 1:25:39]} Nc6
{[%clk 1:25:50]} 8. Qd2 {[%clk 1:25:23]} a5 {[%clk 1:24:54]} 9. Na3
{[%clk 1:21:37]} Bd7 {[%clk 1:18:44]} 10. Nc2 {[%clk 1:17:00]} e5
{[%clk 1:13:05]} 11. d5 {[%clk 1:14:22]} Ne7 {[%clk 1:13:26]} 12. c5
{[%clk 1:10:52]} Nh5 {[%clk 1:07:37]} 13. Nc3 {[%clk 0:57:31]} f5
{[%clk 1:05:29]} 14. Be2 {[%clk 0:48:04]} Nf4 {[%clk 1:03:07]} 15. O-O
{[%clk 0:46:28]} Nxe2+ {[%clk 1:02:15]} 16. Qxe2 {[%clk 0:45:01]} f4
{[%clk 1:01:42]} 17. Bf2 {[%clk 0:45:23]} g5 {[%clk 1:02:06]} 18. cxd6
{[%clk 0:44:33]} cxd6 {[%clk 1:02:30]} 19. Nb5 {[%clk 0:44:52]} Rf6
{[%clk 1:02:44]} 20. Nca3 {[%clk 0:44:48]} Rg6 {[%clk 0:58:44]} 21. Nc4 Nc8
{[%clk 0:59:09]} 22. g4 {[%clk 0:42:02]} fxg3 {[%clk 0:56:00]} 23. Bxg3
{[%clk 0:41:53]} Bh3 {[%clk 0:55:18]} 24. Rfc1 {[%clk 0:39:34]} h5
{[%clk 0:54:16]} 25. Ne3 {[%clk 0:34:41]} g4 {[%clk 0:47:25]} 26. fxg4
{[%clk 0:33:31]} h4 {[%clk 0:46:45]} 27. Bf2 {[%clk 0:33:44]} Bh6
{[%clk 0:46:34]} 28. Kh1 {[%clk 0:33:22]} Qf6 {[%clk 0:44:20]} 29. Nf5
{[%clk 0:29:36]} Bxc1 {[%clk 0:43:09]} 30. Rxc1 {[%clk 0:30:03]} Qg5 31. Rg1
{[%clk 0:30:03]} Kh7 {[%clk 0:21:27]} 32. Bxh4 {[%clk 0:20:39]} Bxg4
{[%clk 0:17:58]} 33. Bxg5 {[%clk 0:15:54]} Bxe2 {[%clk 0:18:23]} 34. Rg3
{[%clk 0:15:10]} Bxb5 {[%clk 0:17:16]} 35. axb5 {[%clk 0:15:20]} a4
{[%clk 0:16:42]} 36. h4 {[%clk 0:15:08]} Nb6 {[%clk 0:14:51]} 37. Ne7
{[%clk 0:12:18]} Rg7 {[%clk 0:14:18]} 38. Rc3 {[%clk 0:10:28]} Rf8
{[%clk 0:13:34]} 39. Nf5 {[%clk 0:10:08]} Rd7 {[%clk 0:12:44]} 40. Kg2
{[%clk 0:06:49]} Nxd5 {[%clk 0:07:48]} 41. exd5 {[%clk 0:06:16]} Rxf5
{[%clk 0:08:11]} 42. Rc4 {[%clk 0:06:35]} e4 {[%clk 0:06:22]} 43. Rxa4
{[%clk 0:06:06]} Rxd5 {[%clk 0:06:48]} 44. Rxe4 {[%clk 0:06:23]} Rxb5
{[%clk 0:07:14]} 45. b4 {[%clk 0:06:42]} Re5 {[%clk 0:06:16]} 46. Rd4
{[%clk 0:05:50]} d5 {[%clk 0:06:29]} 47. Kf3 {[%clk 0:06:08]} Kg6
{[%clk 0:05:52]} 48. Bf4 {[%clk 0:06:23]} Re1 {[%clk 0:06:03]} 49. Kg4
{[%clk 0:06:09]} Rg1+ {[%clk 0:06:25]} 50. Bg3 {[%clk 0:06:27]} Kf6
{[%clk 0:06:19]} 51. Kf3 {[%clk 0:06:15]} Ke6 {[%clk 0:06:03]} 52. Rg4
{[%clk 0:06:01]} d4 {[%clk 0:04:55]} 53. Re4+ {[%clk 0:06:20]} Kd5
{[%clk 0:05:00]} 54. Rxd4+ {[%clk 0:06:36]} Kxd4 {[%clk 0:05:25]} 55. Bf2+
{[%clk 0:07:02]} Kc4 {[%clk 0:05:49]} 56. Bxg1 {[%clk 0:07:27]} Kxb4
{[%clk 0:06:15]} 57. Be3 {[%clk 0:07:21]} Kc4 {[%clk 0:05:55]} 58. Kg4
{[%clk 0:07:10]} Kd5 {[%clk 0:05:23]} 59. Kf5 {[%clk 0:07:20]} Rf7+
{[%clk 0:05:44]} 60. Kg6 {[%clk 0:07:37]} Rf3 {[%clk 0:06:04]} 61. Bg5
{[%clk 0:07:37]} Ke6 {[%clk 0:05:27]} 62. h5 {[%clk 0:07:50]} b5 {[%clk 0:05:45]}
63. h6 {[%clk 0:08:14]} Rh3 {[%clk 0:06:13]} 64. h7 {[%clk 0:08:23]} Rxh7
{[%clk 0:06:40]} 1/2-1/2

[Event "Winter Chess"]
[Site "?"]
[Date "2013.12.29"]
[Round "3.2"]
[White "Berry, Neil"]
[Black "Kilpatrick, Callum"]
[Result "1/2-1/2"]
[LiveChessVersion "1.4.2"]
[BlackElo "2350"]
[WhiteElo "2242"]

1. d4 {[%clk 1:30:55]} Nf6 {[%clk 1:30:11]} 2. c4 {[%clk 1:31:12]} g6
{[%clk 1:30:16]} 3. Nc3 {[%clk 1:31:27]} d5 {[%clk 1:30:26]} 4. Nf3
{[%clk 1:31:37]} Bg7 {[%clk 1:30:47]} 5. cxd5 {[%clk 1:31:59]} Nxd5
{[%clk 1:31:05]} 6. e4 {[%clk 1:32:19]} Nxc3 {[%clk 1:31:28]} 7. bxc3
{[%clk 1:32:44]} c5 {[%clk 1:31:52]} 8. Rb1 {[%clk 1:32:33]} O-O {[%clk 1:32:04]}
9. Be2 {[%clk 1:32:50]} b6 {[%clk 1:32:15]} 10. O-O {[%clk 1:32:32]} Bb7
{[%clk 1:32:10]} 11. Qd3 {[%clk 1:32:07]} Qc7 {[%clk 1:23:46]} 12. Bg5
{[%clk 1:16:25]} e6 {[%clk 1:23:02]} 13. Qe3 {[%clk 1:13:57]} Nd7
{[%clk 1:21:56]} 14. e5 {[%clk 1:10:33]} a6 {[%clk 1:07:37]} 15. h4
{[%clk 0:59:15]} Rfc8 {[%clk 0:54:06]} 16. Rfc1 {[%clk 0:50:42]} b5
{[%clk 0:48:48]} 17. Nh2 {[%clk 0:25:38]} Nb6 {[%clk 0:28:23]} 18. Ng4
{[%clk 0:25:01]} Nd5 {[%clk 0:23:33]} 19. Qd2 {[%clk 0:21:43]} h5
{[%clk 0:18:25]} 20. Nf6+ {[%clk 0:18:04]} Nxf6 {[%clk 0:18:18]} 21. Bxf6
{[%clk 0:16:34]} Be4 {[%clk 0:15:35]} 22. Ra1 {[%clk 0:13:54]} Kh7
{[%clk 0:15:38]} 23. Qf4 {[%clk 0:11:39]} Bf5 {[%clk 0:15:00]} 24. Bxg7
{[%clk 0:10:43]} Kxg7 {[%clk 0:15:28]} 25. Bf3 {[%clk 0:10:22]} Rab8
{[%clk 0:15:05]} 26. Re1 {[%clk 0:09:42]} b4 {[%clk 0:11:03]} 27. Qe3
{[%clk 0:04:49]} cxd4 {[%clk 0:06:12]} 28. cxd4 {[%clk 0:05:14]} a5
{[%clk 0:06:01]} 29. d5 {[%clk 0:05:26]} exd5 {[%clk 0:06:03]} 30. Bxd5
{[%clk 0:05:54]} Qc5 {[%clk 0:06:08]} 31. Bb3 {[%clk 0:05:06]} Qxe3
{[%clk 0:05:58]} 32. Rxe3 {[%clk 0:05:34]} Rc3 {[%clk 0:04:19]} 33. Rae1
{[%clk 0:04:36]} Rb6 {[%clk 0:02:24]} 34. R3e2 {[%clk 0:03:21]} Be6
{[%clk 0:02:11]} 35. Bxe6 {[%clk 0:03:19]} Rxe6 {[%clk 0:02:40]} 36. f4
{[%clk 0:02:06]} Rec6 {[%clk 0:02:35]} 37. Kf2 {[%clk 0:01:37]} R6c4
{[%clk 0:02:34]} 38. g3 {[%clk 0:01:49]} Ra3 {[%clk 0:02:26]} 39. Rd1
{[%clk 0:00:47]} Rc7 {[%clk 0:01:29]} 40. Rd4 {[%clk 0:00:36]} Rac3
{[%clk 0:00:47]} 41. Rd5 {[%clk 0:18:21]} Ra3 {[%clk 0:27:17]} 42. Rb5
{[%clk 0:12:52]} Rcc3 {[%clk 0:24:21]} 43. Rb7 {[%clk 0:11:51]} Kf8
{[%clk 0:21:54]} 44. Rb8+ {[%clk 0:09:07]} Ke7 {[%clk 0:22:14]} 45. Rb7+
{[%clk 0:08:37]} Ke6 {[%clk 0:21:12]} 46. Rb6+ {[%clk 0:08:08]} Kd7
{[%clk 0:21:03]} 47. Rb7+ {[%clk 0:06:11]} Rc7 {[%clk 0:20:09]} 48. Rb6
{[%clk 0:06:36]} Rc6 {[%clk 0:18:32]} 49. Rb7+ {[%clk 0:06:47]} Ke6
{[%clk 0:17:37]} 50. Rb5 {[%clk 0:06:14]} Kd7 {[%clk 0:10:59]} 51. Rb7+
{[%clk 0:06:27]} Rc7 {[%clk 0:11:21]} 52. Rb6 {[%clk 0:06:50]} Rac3
{[%clk 0:10:59]} 53. Rf6 {[%clk 0:05:15]} Ke7 {[%clk 0:10:28]} 54. Ra6
{[%clk 0:05:37]} R3c5 {[%clk 0:09:14]} 55. g4 {[%clk 0:04:26]} hxg4
{[%clk 0:05:23]} 56. Kg3 {[%clk 0:04:52]} R7c6 {[%clk 0:05:23]} 57. Ra7+
{[%clk 0:04:39]} Rc7 {[%clk 0:05:03]} 58. Ra6 {[%clk 0:05:05]} Rc1
{[%clk 0:02:27]} 59. Kxg4 {[%clk 0:05:02]} Rg1+ {[%clk 0:02:54]} 60. Kf3
{[%clk 0:04:57]} Rf1+ {[%clk 0:03:04]} 61. Ke4 {[%clk 0:04:17]} Rc4+
{[%clk 0:03:18]} 62. Kd5 {[%clk 0:04:42]} Rfxf4 {[%clk 0:03:30]} 63. Ra7+
{[%clk 0:04:57]} Kf8 {[%clk 0:02:56]} 64. e6 {[%clk 0:04:48]} fxe6+
{[%clk 0:02:04]} 65. Rxe6 {[%clk 0:04:27]} Rfd4+ {[%clk 0:01:27]} 66. Ke5
{[%clk 0:04:51]} Rxh4 {[%clk 0:00:55]} 67. Rf6+ {[%clk 0:04:55]} Ke8
{[%clk 0:01:05]} 68. Rxg6 {[%clk 0:04:52]} Rhe4+ {[%clk 0:00:54]} 69. Kd5
{[%clk 0:04:55]} Red4+ {[%clk 0:01:14]} 70. Ke5 {[%clk 0:05:18]} Re4+
{[%clk 0:01:41]} 71. Kxe4 1/2-1/2

[Event "Winter Chess"]
[Site "?"]
[Date "2013.12.29"]
[Round "3.3"]
[White "Burnett, Andrew"]
[Black "McNab, Colin"]
[Result "1/2-1/2"]
[LiveChessVersion "1.4.2"]
[BlackElo "2457"]
[WhiteElo "2209"]

1. d4 {[%clk 1:30:47]} d6 {[%clk 1:30:47]} 2. e4 {[%clk 1:30:58]} g6
{[%clk 1:31:08]} 3. Nc3 {[%clk 1:31:21]} Bg7 {[%clk 1:31:31]} 4. Be3
{[%clk 1:31:44]} Nf6 {[%clk 1:31:39]} 5. Qd2 {[%clk 1:32:04]} O-O
{[%clk 1:31:39]} 6. O-O-O {[%clk 1:32:05]} c6 {[%clk 1:32:01]} 7. Bh6
{[%clk 1:31:38]} Qa5 {[%clk 1:31:05]} 8. Bxg7 {[%clk 1:30:08]} Kxg7
{[%clk 1:31:27]} 9. f3 {[%clk 1:20:10]} Nbd7 {[%clk 1:25:27]} 10. g4
{[%clk 1:14:57]} b5 {[%clk 1:23:01]} 11. Kb1 {[%clk 0:56:51]} Nb6
{[%clk 1:18:05]} 12. Nce2 {[%clk 0:47:00]} Qxd2 {[%clk 1:14:11]} 13. Rxd2
{[%clk 0:47:18]} e5 {[%clk 1:06:11]} 14. Ng3 {[%clk 0:41:06]} exd4
{[%clk 0:57:41]} 15. Rxd4 {[%clk 0:37:37]} d5 {[%clk 0:53:11]} 16. g5
{[%clk 0:33:31]} Nh5 {[%clk 0:50:06]} 17. e5 {[%clk 0:27:56]} Nd7
{[%clk 0:45:39]} 18. Nxh5+ {[%clk 0:26:59]} gxh5 {[%clk 0:46:02]} 19. f4
{[%clk 0:25:20]} Nc5 {[%clk 0:44:03]} 20. Bh3 {[%clk 0:18:46]} h6
{[%clk 0:34:07]} 21. Bxc8 {[%clk 0:16:31]} Raxc8 {[%clk 0:34:27]} 22. Nh3
{[%clk 0:15:14]} hxg5 {[%clk 0:27:42]} 23. Nxg5 {[%clk 0:12:35]} Ne6
{[%clk 0:26:48]} 24. Rd2 {[%clk 0:12:02]} Nxg5 {[%clk 0:14:37]} 25. Rg1
{[%clk 0:10:31]} f6 {[%clk 0:10:51]} 26. exf6+ {[%clk 0:08:13]} Kxf6
{[%clk 0:10:53]} 27. Rxg5 {[%clk 0:07:37]} Rg8 {[%clk 0:10:47]} 28. h4
{[%clk 0:07:30]} Rce8 {[%clk 0:07:31]} 29. c3 {[%clk 0:07:12]} Rxg5
{[%clk 0:07:27]} 30. fxg5+ {[%clk 0:07:35]} Kg7 {[%clk 0:07:22]} 31. a4
{[%clk 0:05:31]} bxa4 {[%clk 0:05:21]} 32. Rd4 {[%clk 0:05:19]} a3
{[%clk 0:04:09]} 33. bxa3 {[%clk 0:05:41]} Kg6 {[%clk 0:03:09]} 34. c4
{[%clk 0:04:55]} Re3 {[%clk 0:02:16]} 35. cxd5 {[%clk 0:04:05]} cxd5
{[%clk 0:02:40]} 36. Kb2 {[%clk 0:03:51]} Rh3 {[%clk 0:02:36]} 37. a4
{[%clk 0:03:57]} Kf7 {[%clk 0:02:00]} 38. Rxd5 {[%clk 0:02:34]} 1/2-1/2

[Event "Winter Chess"]
[Site "?"]
[Date "2013.12.29"]
[Round "3.4"]
[White "Michielsen, Joost"]
[Black "Steil-Antoni, Fiona"]
[Result "1-0"]
[LiveChessVersion "1.4.2"]
[BlackElo "2190"]
[WhiteElo "2343"]

1. e4 {[%clk 1:30:59]} e5 {[%clk 1:26:35]} 2. Nf3 {[%clk 1:31:22]} Nc6
{[%clk 1:26:55]} 3. Bb5 {[%clk 1:31:48]} Bc5 {[%clk 1:27:16]} 4. O-O
{[%clk 1:31:49]} Nf6 {[%clk 1:27:36]} 5. Nxe5 {[%clk 1:29:25]} Nxe4
{[%clk 1:27:29]} 6. Qe2 {[%clk 1:14:59]} Nxe5 {[%clk 1:27:36]} 7. d4
{[%clk 1:13:56]} Qe7 {[%clk 1:08:10]} 8. Qxe4 {[%clk 0:50:43]} Nc6
{[%clk 1:08:29]} 9. Qg4 {[%clk 0:44:11]} Nxd4 {[%clk 1:00:30]} 10. Qxg7
{[%clk 0:43:19]} Rf8 {[%clk 1:00:02]} 11. Nc3 {[%clk 0:38:03]} c6
{[%clk 0:54:18]} 12. Bd3 {[%clk 0:37:51]} f5 {[%clk 0:50:27]} 13. Qg3
{[%clk 0:32:26]} d5 {[%clk 0:39:46]} 14. Bh6 {[%clk 0:23:16]} Be6
{[%clk 0:37:10]} 15. Bxf8 {[%clk 0:23:28]} Qxf8 {[%clk 0:37:38]} 16. Rae1
{[%clk 0:16:26]} O-O-O {[%clk 0:35:35]} 17. Ne2 Nxe2+ {[%clk 0:22:58]} 18. Rxe2
{[%clk 0:14:51]} Bd7 19. c4 f4 20. Qf3 h5 21. h3 Qh6 22. cxd5 Rg8 23. dxc6 bxc6
24. Be4 Rg3 25. Bxc6 Rxf3 26. Bxf3 Bb6 27. Rd1 Qg6 28. Red2 Qe8 29. Rd5 h4 30.
Rxd7 1-0

[Event "Winter Chess"]
[Site "?"]
[Date "2013.12.29"]
[Round "3.5"]
[White "Hamitevici, Vladmir"]
[Black "Swan, Iain"]
[Result "1/2-1/2"]
[LiveChessVersion "1.4.2"]
[BlackElo "2263"]
[WhiteElo "2508"]

1. d4 {[%clk 1:26:12]} e6 {[%clk 1:30:40]} 2. Nf3 {[%clk 1:24:01]} Nf6
{[%clk 1:30:21]} 3. g3 {[%clk 1:19:44]} d5 {[%clk 1:30:06]} 4. c4
{[%clk 1:19:34]} dxc4 {[%clk 1:29:42]} 5. Bg2 {[%clk 1:19:29]} a6
{[%clk 1:29:27]} 6. O-O {[%clk 1:16:10]} b5 {[%clk 1:29:16]} 7. Ne5
{[%clk 1:15:54]} Nd5 {[%clk 1:29:18]} 8. a4 {[%clk 1:15:23]} Bb7 {[%clk 1:29:19]}
9. b3 {[%clk 1:13:39]} c3 {[%clk 1:28:43]} 10. axb5 {[%clk 1:11:09]} axb5
{[%clk 1:29:05]} 11. Rxa8 {[%clk 1:11:34]} Bxa8 {[%clk 1:29:29]} 12. e4
{[%clk 1:07:51]} b4 {[%clk 1:29:37]} 13. exd5 {[%clk 0:57:38]} Bxd5
{[%clk 1:29:59]} 14. Be3 {[%clk 0:34:41]} Bxg2 {[%clk 1:22:47]} 15. Kxg2
{[%clk 0:35:06]} Qd5+ {[%clk 1:22:27]} 16. Qf3 {[%clk 0:35:26]} f6
{[%clk 1:01:21]} 17. Qxd5 {[%clk 0:25:01]} exd5 {[%clk 1:01:42]} 18. Nd3
{[%clk 0:25:29]} Kd7 {[%clk 0:57:25]} 19. Rc1 {[%clk 0:21:55]} 1/2-1/2

[Event "Winter Chess"]
[Site "?"]
[Date "2013.12.29"]
[Round "3.6"]
[White "Kirk, Larry"]
[Black "Bamber, Elaine"]
[Result "1-0"]
[LiveChessVersion "1.4.2"]
[BlackElo "2119"]
[WhiteElo "2078"]

1. Nf3 {[%clk 1:30:56]} Nf6 {[%clk 1:30:56]} 2. g3 {[%clk 1:30:30]} g6
{[%clk 1:31:22]} 3. Bg2 {[%clk 1:30:46]} Bg7 {[%clk 1:31:49]} 4. O-O
{[%clk 1:30:55]} O-O {[%clk 1:32:16]} 5. d3 {[%clk 1:30:02]} Nc6 {[%clk 1:32:04]}
6. e4 {[%clk 1:29:37]} d6 {[%clk 1:32:09]} 7. c3 {[%clk 1:26:18]} a6
{[%clk 1:30:24]} 8. a4 {[%clk 1:24:20]} Rb8 {[%clk 1:25:50]} 9. Nbd2
{[%clk 1:22:55]} e5 {[%clk 1:19:54]} 10. Nc4 {[%clk 0:56:10]} Be6
{[%clk 1:17:23]} 11. Ng5 {[%clk 0:53:31]} Bd7 {[%clk 1:05:28]} 12. f4
{[%clk 0:44:27]} b5 {[%clk 1:03:18]} 13. axb5 {[%clk 0:44:47]} axb5
{[%clk 1:03:44]} 14. Ne3 {[%clk 0:41:24]} b4 {[%clk 0:59:36]} 15. f5
{[%clk 0:37:33]} bxc3 {[%clk 0:56:12]} 16. bxc3 {[%clk 0:37:56]} Rb5
{[%clk 0:45:14]} 17. h4 {[%clk 0:18:17]} Qb8 {[%clk 0:35:50]} 18. Bh3
{[%clk 0:17:15]} h6 {[%clk 0:26:17]} 19. fxg6 {[%clk 0:07:57]} hxg5
{[%clk 0:25:55]} 20. Bxd7 {[%clk 0:02:57]} Nxd7 {[%clk 0:26:12]} 21. gxf7+
{[%clk 0:02:43]} Rxf7 {[%clk 0:26:25]} 22. Rxf7 {[%clk 0:03:07]} Kxf7
{[%clk 0:26:35]} 23. Qh5+ {[%clk 0:03:21]} Kg8 {[%clk 0:20:58]} 24. Nf5
{[%clk 0:03:47]} Nf6 {[%clk 0:10:16]} 25. Qg6 {[%clk 0:03:13]} Qf8
{[%clk 0:10:42]} 26. Bxg5 {[%clk 0:02:39]} Rb8 {[%clk 0:08:16]} 27. Rf1
{[%clk 0:02:56]} Ne7 {[%clk 0:05:24]} 28. Nxe7+ {[%clk 0:02:27]} Qxe7
{[%clk 0:05:51]} 29. Bxf6 {[%clk 0:02:22]} Qf7 {[%clk 0:05:58]} 30. Qxf7+
{[%clk 0:02:30]} Kxf7 {[%clk 0:06:24]} 31. Bd8+ {[%clk 0:02:39]} Ke6
{[%clk 0:06:34]} 32. Bxc7 {[%clk 0:02:48]} Rb2 {[%clk 0:04:59]} 33. Rf2
{[%clk 0:02:01]} Rb5 {[%clk 0:04:34]} 34. Ra2 {[%clk 0:01:44]} Rb1+
{[%clk 0:04:00]} 35. Kf2 {[%clk 0:01:55]} Rd1 {[%clk 0:04:24]} 36. Ba5
{[%clk 0:00:58]} Rxd3 {[%clk 0:04:37]} 37. Bb4 {[%clk 0:01:19]} Bh6
{[%clk 0:04:44]} 38. Ra6 {[%clk 0:00:51]} Rd2+ {[%clk 0:04:04]} 39. Kf3
{[%clk 0:01:20]} Rd3+ {[%clk 0:04:27]} 40. Kg4 {[%clk 0:01:05]} Bf8
{[%clk 0:04:22]} 41. Ra8 {[%clk 0:29:27]} Be7 {[%clk 0:34:30]} 42. h5
{[%clk 0:26:38]} Rd1 {[%clk 0:30:22]} 43. Rg8 {[%clk 0:26:06]} Kf7
{[%clk 0:29:19]} 44. Rg6 {[%clk 0:24:21]} Bf6 {[%clk 0:27:27]} 45. Kf3
{[%clk 0:24:08]} d5 {[%clk 0:20:38]} 46. Ke2 {[%clk 0:20:50]} Rh1
{[%clk 0:21:00]} 47. exd5 {[%clk 0:21:00]} Rxh5 {[%clk 0:21:04]} 48. Rg4
{[%clk 0:21:21]} e4 {[%clk 0:16:32]} 49. c4 {[%clk 0:21:19]} Re5 {[%clk 0:16:45]}
50. Bc3 {[%clk 0:21:23]} Rf5 {[%clk 0:16:09]} 51. Bxf6 {[%clk 0:21:46]} Kxf6
{[%clk 0:16:02]} 52. Rf4 {[%clk 0:22:11]} 1-0

[Event "Winter Chess"]
[Site "?"]
[Date "2013.12.29"]
[Round "3.7"]
[White "Olson, Hamish"]
[Black "Brechin, Hugh"]
[Result "0-1"]
[LiveChessVersion "1.4.2"]
[BlackElo "2019"]
[WhiteElo "2032"]

1. d4 {[%clk 1:30:20]} Nf6 {[%clk 1:30:24]} 2. Nf3 {[%clk 1:29:22]} e6
{[%clk 1:30:26]} 3. e3 {[%clk 1:28:43]} b6 {[%clk 1:27:51]} 4. Bd3
{[%clk 1:28:48]} c5 {[%clk 1:27:51]} 5. O-O {[%clk 1:28:43]} Nc6 {[%clk 1:27:40]}
6. c3 {[%clk 1:28:32]} Be7 {[%clk 1:27:37]} 7. Nbd2 {[%clk 1:28:48]} cxd4
{[%clk 1:26:28]} 8. exd4 {[%clk 1:29:07]} O-O {[%clk 1:24:57]} 9. Re1
{[%clk 1:29:26]} Bb7 {[%clk 1:24:14]} 10. Qe2 {[%clk 1:29:34]} Qc7
{[%clk 1:21:10]} 11. Nc4 {[%clk 1:17:13]} b5 {[%clk 1:15:00]} 12. Ne3
{[%clk 1:11:32]} a6 {[%clk 1:14:37]} 13. a4 {[%clk 1:09:02]} b4 {[%clk 1:11:47]}
14. c4 {[%clk 1:08:53]} Nh5 {[%clk 1:06:00]} 15. Qc2 {[%clk 1:03:11]} f5
{[%clk 0:58:33]} 16. d5 {[%clk 1:00:47]} Ne5 {[%clk 0:58:03]} 17. Nxf5
{[%clk 0:50:45]} Nxf3+ {[%clk 0:56:03]} 18. gxf3 {[%clk 0:51:07]} Bf6
{[%clk 0:41:54]} 19. Ng3 {[%clk 0:49:11]} Nf4 {[%clk 0:41:11]} 20. Bxh7+
{[%clk 0:45:32]} Kh8 {[%clk 0:41:13]} 21. Rd1 {[%clk 0:33:57]} b3
{[%clk 0:34:27]} 22. Qe4 {[%clk 0:31:31]} Be5 {[%clk 0:34:24]} 23. Bg6
{[%clk 0:20:23]} Rac8 {[%clk 0:26:03]} 24. Nh5 exd5 {[%clk 0:24:10]} 25. cxd5
{[%clk 0:17:03]} Bxd5 {[%clk 0:22:22]} 26. Qe3 {[%clk 0:12:35]} Nh3+ 27. Kg2 Rxf3
28. Rxd5 Rxe3 29. Bxe3 Qc6 30. Be4 Qe6 31. f3 g6 32. Rad1 d6 33. Ng3 Nf4+ 34.
Bxf4 Bxf4 35. h4 Rc2+ 36. Bxc2 bxc2 37. b4 cxd1=Q 38. Rxd1 Bxg3 39. Kxg3 Qc4 40.
b5 axb5 41. axb5 Qxb5 42. Rh1 Kg7 0-1

[Event "Winter Chess"]
[Site "?"]
[Date "2013.12.29"]
[Round "3.8"]
[White "Grove, Michael"]
[Black "Edwards, Jonathan"]
[Result "1/2-1/2"]
[LiveChessVersion "1.4.2"]
[BlackElo "2138"]
[WhiteElo "2091"]

1. e4 {[%clk 1:30:58]} g6 {[%clk 1:30:44]} 2. d4 {[%clk 1:31:17]} Bg7
{[%clk 1:31:09]} 3. Nf3 {[%clk 1:30:06]} d6 {[%clk 1:31:27]} 4. Be3
{[%clk 1:29:35]} Nc6 {[%clk 1:29:16]} 5. Nc3 {[%clk 1:25:42]} Bg4
{[%clk 1:28:19]} 6. Be2 {[%clk 1:20:22]} e5 {[%clk 1:27:32]} 7. d5
{[%clk 1:18:01]} Bxf3 {[%clk 1:26:51]} 8. gxf3 {[%clk 1:16:02]} Nd4
{[%clk 1:21:28]} 9. Nb5 {[%clk 1:15:41]} Nxe2 {[%clk 1:12:58]} 10. Qxe2
{[%clk 1:15:47]} a6 {[%clk 1:13:08]} 11. Nc3 {[%clk 1:13:59]} Nf6
{[%clk 1:12:16]} 12. h4 {[%clk 1:05:13]} Nh5 {[%clk 1:10:40]} 13. Qc4
{[%clk 1:04:36]} O-O {[%clk 1:04:15]} 14. Qb3 {[%clk 1:00:54]} Qf6
{[%clk 0:51:37]} 15. Rh3 {[%clk 0:55:10]} Nf4 {[%clk 0:50:20]} 16. Rh2
{[%clk 0:55:29]} c6 {[%clk 0:45:06]} 17. O-O-O {[%clk 0:50:34]} c5
{[%clk 0:44:31]} 18. Qb6 {[%clk 0:49:44]} Qe7 {[%clk 0:42:45]} 19. Rg1
{[%clk 0:46:11]} h5 {[%clk 0:42:23]} 20. Kd2 {[%clk 0:44:46]} Kh7
{[%clk 0:37:25]} 21. Ne2 {[%clk 0:42:20]} Bh6 {[%clk 0:37:46]} 22. c4
{[%clk 0:38:44]} Rae8 {[%clk 0:33:43]} 23. a3 {[%clk 0:35:18]} f5
{[%clk 0:29:08]} 24. Nxf4 {[%clk 0:27:58]} exf4 {[%clk 0:19:52]} 25. Bxc5
{[%clk 0:28:16]} fxe4 {[%clk 0:20:16]} 26. Qxd6 {[%clk 0:23:19]} Qg7
{[%clk 0:17:11]} 27. Qb6 {[%clk 0:18:12]} Rf6 {[%clk 0:11:57]} 28. Qb3
{[%clk 0:17:26]} e3+ {[%clk 0:12:03]} 29. Kc2 {[%clk 0:10:25]} e2
{[%clk 0:07:43]} 30. Qc3 {[%clk 0:09:07]} Qf7 {[%clk 0:06:16]} 31. Rhg2
{[%clk 0:06:44]} Bg7 {[%clk 0:04:55]} 32. Bd4 {[%clk 0:06:53]} b5
{[%clk 0:02:29]} 33. c5 {[%clk 0:06:03]} Qxd5 {[%clk 0:02:32]} 34. Bxf6
{[%clk 0:05:38]} Bxf6 {[%clk 0:03:00]} 35. Qxf6 {[%clk 0:04:58]} Qxc5+
{[%clk 0:03:24]} 36. Qc3 {[%clk 0:02:49]} Qf5+ {[%clk 0:02:34]} 37. Qd3
{[%clk 0:00:48]} Qc8+ {[%clk 0:01:50]} 38. Qc3 {[%clk 0:00:33]} Qf5+
{[%clk 0:02:17]} 39. Qd3 {[%clk 0:00:50]} Qxd3+ {[%clk 0:01:36]} 40. Kxd3
{[%clk 0:01:10]} e1=Q {[%clk 0:02:01]} 41. Rxe1 {[%clk 0:01:02]} Rxe1
{[%clk 0:02:26]} 42. Kd4 {[%clk 0:24:30]} Rh1 {[%clk 0:30:24]} 43. Ke5
{[%clk 0:24:14]} Rxh4 {[%clk 0:30:07]} 44. Kf6 {[%clk 0:24:14]} Rh3
{[%clk 0:29:13]} 45. Rxg6 {[%clk 0:21:28]} Rxf3 {[%clk 0:29:13]} 46. Rg7+
{[%clk 0:21:35]} Kh8 {[%clk 0:28:18]} 47. Ra7 {[%clk 0:21:44]} Rxf2
{[%clk 0:28:21]} 48. Ra8+ {[%clk 0:21:59]} Kh7 {[%clk 0:28:39]} 49. Ra7+
{[%clk 0:22:15]} Kh6 {[%clk 0:28:36]} 50. Ra8 {[%clk 0:22:37]} Kh7
{[%clk 0:28:47]} 51. Ra7+ {[%clk 0:23:00]} 1/2-1/2